Hydraulics & fluid mechanics including Hydraulics machines (Record no. 4893)

MARC details
000 -LEADER
fixed length control field 00458nam a22001697a 4500
005 - DATE AND TIME OF LATEST TRANSACTION
control field 20160630113655.0
008 - FIXED-LENGTH DATA ELEMENTS--GENERAL INFORMATION
fixed length control field 160630b xxu||||| |||| 00| 0 eng d
020 ## - INTERNATIONAL STANDARD BOOK NUMBER
ISBN 978-81-89401-26-9
041 ## - LANGUAGE CODE
Language code of text/sound track or separate title eng
082 ## - DEWEY DECIMAL CLASSIFICATION NUMBER
Item number 19575
100 ## - MAIN ENTRY--AUTHOR NAME
Personal name Modi, Dr P N & Seth Dr S M
245 ## - TITLE STATEMENT
Title Hydraulics & fluid mechanics including Hydraulics machines
260 ## - PUBLICATION, DISTRIBUTION, ETC. (IMPRINT)
Name of publisher Standard Book House
Year of publication 2015
300 ## - PHYSICAL DESCRIPTION
Number of Pages 1393
650 ## - SUBJECT ADDED ENTRY--TOPICAL TERM
Topical Term Diploma Engineering
942 ## - ADDED ENTRY ELEMENTS (KOHA)
Koha item type Books
Holdings
Lost status Damaged status Home library Current library Shelving location Date acquired Cost, normal purchase price Full call number Accession Number Koha item type Collection code
    JRU Library   SHELF-42-A 30/06/2016 720.00 19575 19575 Books  
    JRU Library   SHELF-42-A 30/06/2016 720.00 19575 19576 Books  
    JRU Library   SHELF-72-B 30/06/2016 720.00 19575 19577 Books Reference
    JRU Library   SHELF-42-A 30/06/2016 720.00 19575 19578 Books  
    JRU Library   SHELF-42-A 30/06/2016 720.00 19575 19579 Books  
    JRU Library   SHELF-42-A 30/06/2016 720.00 19575 19580 Books  
    JRU Library   SHELF-42-A 30/06/2016 720.00 19575 19581 Books  
    JRU Library   SHELF-42-B 30/06/2016 720.00 19575 19582 Books  
    JRU Library   SHELF-42-B 30/06/2016 720.00 19575 19583 Books  
    JRU Library   SHELF-42-A 30/06/2016 720.00 19575 19584 Books